000 00715cam a22002533a 4500
001 21584
003 PGUSA
005 20140828083447.0
008 070525s2007||||xxu|||||s|||||000 | eng d
040 _aPGUSA
_beng
042 _adc
050 4 _aPZ
050 4 _aPA
100 1 _aHomer,
_d-750--650
245 1 4 _aThe Iliad for Boys and Girls
_h[electronic resource] /
_cHomer
260 _bProject Gutenberg,
_c2007
506 _aPublic domain in the USA.
516 _aElectronic text
653 _aTrojan War -- Juvenile literature
653 _aAchilles (Greek mythology) -- Juvenile literature
830 0 _aProject Gutenberg
_v21584
856 4 0 _uhttp://www.gutenberg.org/ebooks/21584
942 _cEB
999 _c250839
_d250839